01619nam a2200373 a 4500001001200000003000800012006001900020007001500039008004100054010001700095020002200112020002200134020002200156040002100178035002000199050002700219082001600246110008700262245024900349260006200598300001700660490001900677504004100696533015200737650003400889650003100923650003000954650003400984655002901018710001701047830003801064856012601102999001701228ebr10055198CaPaEBRm u cr cn|||||||||970709m19979999dcu sb 000 0 eng  z 97170203  z0309057361 (v. 1) z0309063299 (v. 2) z0309065992 (v. 3) aCaPaEBRcCaPaEBR a(OCoLC)6036539814aRA1247.C65bN38 1997eb04a615.9/12212 aNational Research Council (U.S.).bSubcommittee on Military Smokes and Obscurants.10aToxicity of military smokes and obscurantsh[electronic resource] /cSubcommittee on Military Smokes and Obscurants, Committee on Toxicology, Board on Environmental Studies and Toxicology, Commission on Life Sciences, National Research Council. aWashington, D.C. :bNational Academy Press,c1997- av. <1-3 >.1 aCompass series aIncludes bibliographical references. aElectronic reproduction.bPalo Alto, Calif. :cebrary,d2013.nAvailable via World Wide Web.nAccess may be limited to ebrary affiliated libraries. 0aCombustion gasesxToxicology. 0aSmoke screensxToxicology. 0aDiesel fuelsxToxicology. 0aHexachloroethanexToxicology. 7aElectronic books.2local2 aebrary, Inc. 0aCompass series (Washington, D.C.)40uhttp://site.ebrary.com/lib/rucke/Doc?id=10055198zAn electronic book accessible through the World Wide Web; click to view c64156d64156